Harry Potter Books About Rubeus Hagrid Quiz Stats

 Plays Quiz Updated Apr 22, 2020

     
Support Sporcle.
Go Orange.
Score 0/7 Timer 03:00
4 Plays Today
% Correct
Rubeus Hagrid an' the Condemned Hippogriff
86.6%
Rubeus Hagrid an' the Stranger at the Pub
85.5%
Rubeus Hagrid an' the Deadly Motorbike Flight
81.1%
Rubeus Hagrid an' the Ruddy Prophet Reporter
79%
Rubeus Hagrid an' the Death of an Acromantula
73.8%
Rubeus Hagrid an' the Absence of a Fair Trial
70.2%
Rubeus Hagrid an' the Bruising Baby Brother
68.8%

From the Vault

Words in Words: TV Shows

by giveupyet

We'll never be able to pronounce these shows correctly again.
Remove Ads.
Support Sporcle.
Get the best of Sporcle when you Go Orange. This ad-free experience offers more features, more stats, and more fun while also helping to support Sporcle. Thank you for becoming a member.

Show Comments

Extras

Top Quizzes Today


Score Distribution

Your Account Isn't Verified!

In order to create a playlist on Sporcle, you need to verify the email address you used during registration. Go to your Sporcle Settings to finish the process.

Report this User

Report this user for behavior that violates our Community Guidelines.

Details: